La narrativa de Yolanda Oreamuno /
Salvato in:
| Autori principali: | , |
|---|---|
| Natura: | Libro |
| Lingua: | Spanish |
| Pubblicazione: |
[San José] :
Editorial Costa Rica,
[1996]
|
| Soggetti: | |
| Tags: |
Aggiungi Tag
Nessun Tag, puoi essere il primo ad aggiungerne!!
|
MARC
| LEADER | 00000nam a2200000 a 4500 | ||
|---|---|---|---|
| 001 | 1176241 | ||
| 005 | 20200211091715.0 | ||
| 008 | 961210s1996 cr b 000 0 spa d | ||
| 020 | |a 9977236364 | ||
| 040 | |a MBU |c MBU |d DLC |d CIICLA | ||
| 082 | |a CR863.4D |b O66n | ||
| 100 | 1 | |a Vallbona, Rima de, |d 1931- |j compiladora | |
| 100 | 1 | |a Oreamuno, Yolanda |d 1916-1956 |j autora | |
| 245 | 1 | 3 | |a La narrativa de Yolanda Oreamuno / |c estudio crítico por Rima de Vallbona ; textos originales de Yolanda Oreamuno. |
| 260 | |a [San José] : |b Editorial Costa Rica, |c [1996] | ||
| 300 | |a 350 páginas | ||
| 504 | |a Incluye referencias bibliográficas (páginas [331]-345). | ||
| 505 | |t El estigma de ser escritor: La Generación literaria del 40 -- Profundización del contenido -- El misterio de unas obras extraviadas -- Ante la indiferencia de Costa Rica. | ||
| 505 | |t En busca de la parábola creadora: Cumplir la parábola creadora -- Sensualidad y pesimismo -- La angustia existencial y el "miedo cósmico". | ||
| 505 | |t Revelación privilegiada de la realidad: Esa mascarada que finge el horizonte -- Discurso polivalente en "Valle Alto" y en otros relatos -- | ||
| 505 | |t La ruta de su evasión: Una audaz aventura novelística -- Otro título de la novela: La poseída -- Rito, mito y simbolismo -- Entregarse al río. | ||
| 505 | |t La huella proustiana en la novela de Yolanda Oreamuno: A la sombra de Marcel Proust -- Proceso metafórico-metonímico -- Generalizaciones conceptuales y el código falogocéntrico -- Nivel figurativo y nivel temático del texto. | ||
| 505 | |t Textos narrativos y discurso polivalente: Diversos tipos de relatos -- Temas predominantes -- Ambientación espiritual -- Proceso evolutivo en los cuentos de Yolanda Oreamuno. | ||
| 505 | |t Con vocación de inmortalidad: Impulso dionisíaco refrenado -- La brillantes castigadora que deslumbra la clara visión del concepto | ||
| 600 | 1 | 0 | |a OREAMUNO, YOLANDA |x CRITICA E INTERPRETACION. |
| 942 | |2 ddc |c BK | ||
| 999 | |c 3452 |d 3452 | ||



